Liste des Pokémon ayant au moins 130 de base stat en Défense Spéciale - Statistiques

Statistiques générales
  • Ce quiz a été pris 49 fois
  • Le résultat moyen est 19 sur 42
Statistiques - réponses
Type Principal Pokémon Défense Spéciale % Correct
Insecte Caratroc 230
86%
Poison Prédastérie 142
76%
Glace Regice 200
76%
Eau Kyogre 140
71%
Dragon Muplodocus 150
71%
Eau Primo Kyogre 160
71%
Combat Zamazenta Bouclier Suprême 140
71%
Acier Registeel 150
67%
Psy Deoxys Défense 160
62%
Fée Florges 154
62%
Roche Diancie 150
57%
Feu Ho-Oh 154
57%
Psy Lugia 154
57%
Acier Muplodocus de Hisui 150
57%
Dragon Latias 130
52%
Normal Leuphorie 135
52%
Dragon Méga Latias 150
52%
Acier Exagide 140
48%
Psy Méga Gardevoir 135
48%
Spectre Noctunoir 135
48%
Roche Strassie 150
48%
Roche Bastiodon 138
43%
Eau Froussardine Forme Banc 135
43%
Fée Nymphali 130
43%
Psy Créhelf 130
38%
Ténèbres Noctali 130
38%
Psy Sylveroy Cavalier du Froid 130
38%
Roche Tarinorme 150
38%
Spectre Téraclope 130
38%
Roche Zéroïd 131
38%
Ténèbres Chongjian 135
33%
Spectre Flotte-Mèche 135
33%
Glace Hexagel 135
29%
Eau Méga Léviator 130
29%
Eau Démanta 140
24%
Psy Hoopa 130
24%
Psy Cosmovum 131
19%
Psy Hoopa Déchaîné 130
19%
Eau Tarenbulle 132
19%
Eau Tokopisco 130
19%
Eau Concombaffe 130
14%
Spectre Corayôme 130
14%
Aucun quiz correspondant
Distribution des résultats
% des personnes avec chaque résultat
Percentile par nombre de réponses
Votre historique - résultats
Vous n’avez pas pris ce quiz